Normal view
MARC view
- Ahmad Saeed Rehmani, Captain
Entry Personal Name
001 - CONTROL NUMBER
- control field: 48442
003 - CONTROL NUMBER IDENTIFIER
- control field: NUST
005 - DATE AND TIME OF LATEST TRANSACTION
- control field: 20210314134043.0
008 - FIXED-LENGTH DATA ELEMENTS
- fixed length control field: 210314|| aca||aabn | a|a d
040 ## - CATALOGING SOURCE
- Original cataloging agency: NUST
- Transcribing agency: NUST
100 ## - HEADING--PERSONAL NAME
- Personal name: Ahmad Saeed Rehmani, Captain
670 ## - SOURCE DATA FOUND
- Source citation: Work cat.: (NUST): Ahmad Saeed Rehmani, Captain, An Experimental Laboratory Study on Utility of Reclaimed Asphalt Pavement in Recycled Flexible Pavement Mix Design , 16-07-2000
